Berühmte Menschen aus Hessen - Statistiken

Allgemein
  • Dieses Quiz wurde 163 mal gespielt
  • Das Durchschnittsergebnis liegt bei 11 aus 20
Antwortstatistiken
Hint Antwort % Korrekt
Dichter: Faust, Iphigenie auf Tauris, Die Leiden des jungen Werther, Der Zauberlehrling Johann Wolfgang von Goethe
98%
Jüdisches Mädchen, welches ein weltberühmtes Tagebuch schrieb, während sie sich in Amsterdam vor den Nazis versteckte Anne Frank
97%
Sammelten die Kinder- und Hausmärchen, wichtige Germanisten und Herausgeber eines Wörterbuches Brüder Grimm
89%
Formel-1-Pilot: 4x Weltmeister zwischen 2010-2013 Sebastian Vettel
89%
Grünen-Politiker: Außenminister 1998-2005 Joschka Fischer
73%
Turner: Olympiasieger 2016 (Reck), Weltmeister 2007 (Reck), 6x Europameister Fabian Hambüchen
62%
Arzt, Komiker und Moderator: Das fantastische Quiz des Menschen, Frag doch mal die Maus; Engagement für Scientist for Future Eckart von Hirschhausen
59%
Fußball-Stürmerin: FFC Frankfurt (98-11), erfolgreichste DFB-Torschützin aller Zeiten, Weltfußballerin von 2003 bis 2005 Birgit Prinz
58%
Aktuell amtierender Ministerpräsident Hessens Volker Bouffier
57%
Schauspieler: Stefan Lachner in Männer, Prof. Dr. Fritz Knobel in Schtonk, Leo X in Luther, Söhne Wilson Gonzales und Jimi Blue sind ebenfalls Schauspieler Uwe Ochsenknecht
54%
Frankfurter Bankier, dessen Familie ein internationales Bankenimperium aufbauten, Ziel antisemitischer Verschwörungstheorien Mayer Amschel Rothschild
51%
Schriftsteller des Vormärz: Woyzeck, Dantons Tod, Lenz, Leonce und Lena Georg Büchner
44%
„Literaturpapst“ und Gastgeber des literarischen Quartettes, schrieb seine Memoiren "Mein Leben", Überlebender des Warschauer Getthos Marcel Reich-Ranicki
39%
Kernphysiker und Chemiker, Entdecker der Kernspaltung Otto Hahn
39%
Schauspielerin: Lena Odental im Ludwigshafener Tatort Ulrike Folkerts
39%
CDU-Politiker, Hessischer Ministerpräsident 99-10, Vorstandsvorsitzender bei Bilfinger Roland Koch
38%
SPD-Politiker, der 1918 die Weimarer Republik ausrief und ihr erster Kanzler wurde Philipp Scheidemann
36%
Philosoph der Frankfurter Schule, schrieb mit Horkheimer Dialektik der Aufklärung, Minima Moralia, Negative Dialektik Theodor W. Adorno
32%
Schauspieler: Felix Murot im Wiesbadener Tatort, Baron in Das Weiße Band, Anton Grubitz in Das Leben der Anderen Ulrich Tukur
23%
Pessimistischer Philosoph: Die Welt als Wille und Vorstellung, Parerga und Paralipomena (inklusive dem Stachelschweinparadoxon) Arthur Schopenhauer
10%
Keine übereinstimmenden Quizze gefunden
Verteilung der Resultate
Anzahl Personen mit jedem Resultat
Perzentil nach korrekt beantworteten Fragen
Ihre Resultats-Entwicklung
Sie haben dieses Quiz noch nicht gespielt